1000 1534 1250 1542 1480 1695 1271 1434 1066 1472 1352 1768 1519 1311 1116 1981 1103 1243 1740 1851 1505 1743 1853 1666 1309 1466 1539 1221 1508 1344 1701 1740 1840 1158 1769 1800 1553 1049 1720 1324 1853 1690 1023 1448 1443 1155 1118 1949 1879 1538 1114 1921 1881 1072 1685 1630 1186 1929 1231 1741 1169 1819 1791 1245 1873 1316 1121 1654 1206 1602 1122 1429 1552 1519 1734 1457 1156 1191 1042 1617 1220 1903 1170 1343 1283 1268 1177 1716 1055 1512 1495 1693 1245 1598 1320 1203 1148 1883 1664 BCNSPRNW ULIB Ver.6.0+V

เปลี่ยนเป็นภาษาไทย

Change to English
 แสดงรายละเอียดบรรณานุกรม
  กลับหน้าหลัก

Brief Record : Get Marc (ISO 2709) : E-mail record : QR code < ปิดหน้าต่าง
LEADER : 00000nam 2200000uu 4500
001    13399128209
003     ULIB
008    020711s2021 th a 000 0 eng d
020    ^a9781719644488
060    ^aWY100^bM486N
100    ^aMcCaffrey, Ruth
245    ^aNP Notes: Nurse Practitioner s Clinical Pocket Guide/^cMcCaffrey, Ruth
250    ^a4th ed
260    ^aPhiladelphia :^bF.A. Davis Company,^c2021
300    ^a290 pages;^c15 cm
650    ^aNursing
945    ^p0^l0^i009313
999    ^aประนอม เกษจรัล
รายการนี้ยังไม่มีแท็ก
คุณยังไม่ได้ล็อกอิน คุณสามารถมีกิจกรรมร่วมกับเว็บไซต์ได้ แต่ต้องล็อกอินก่อน ::
  ล็อกอิน

รายการสื่อสารสนเทศ

ลำดับที่ ประเภท เลขเรียก/บาร์โค้ด สถานที่ สถานะ
1. Book การพยาบาล
หนังสือสำรอง
สถานะ=หนังสือสำรอง
WY100 M486N ฉ.1 
  Barcode: 009313
ห้องสมุดวิทยาเขตสวรรค์ประชารักษ์
►หนังสือทั่วไป
บนชั้น

รายการใกล้เคียง
    หัวเรื่อง [Nursing]

BibComment


ยังไม่เคยถูกคอมเมนท์

คอมเมนท์ทรัพยากรรายการนี้
  คอมเมนท์: NP Notes Nurse P..


 Copyright 2026. Bcnsprnw @Library